[Event "ch-Commonwealth"]
[Site "Mumbai IND"]
[Date "2004.01.12"]
[Round "3"]
[White "Priyadharshan,K"]
[Black "Koneru,H"]
[Result "0-1"]
[WhiteElo "2052"]
[BlackElo "2498"]
[EventDate "2004.01.10"]

1. e4 c5 2. Nc3 a6 3. g3 b5 4. Bg2 Bb7 5. d3 e6 6. f4 Qc7 7. Nf3 g6 8. O-O
Ne7 9. e5 Bg7 10. Ng5 Bxg2 11. Kxg2 d5 12. Ne2 Nd7 13. c3 O-O 14. d4 cxd4
15. cxd4 Rfc8 16. Bd2 Qa7 17. g4 a5 18. Rc1 Nb6 19. b3 Rxc1 20. Qxc1 Rc8
21. Qb1 h6 22. Nf3 a4 23. Rc1 Nc6 24. Rc5 axb3 25. axb3 Bf8 26. Rc2 Qb7 27.
Ne1 Kg7 28. Nd3 Nc4 29. Qa1 N6a5 30. Qa2 Ra8 31. Bxa5 Rxa5 32. Qb1 Ne3+ 33.
Kf3 Nxc2 34. Qxc2 b4 35. Ng3 Qa7 36. Qf2 Ra2 37. Ne2 Qa3 38. Ne1 Rc2 39.
Qe3 Be7 40. Kg3 Qb2 41. h4 Bd8 42. f5 gxf5 43. gxf5 exf5 44. e6 Bc7+ 45.
Kf3 f4 46. Qg1+ Kf8 47. exf7 Kxf7 48. Qg4 Rc1 49. Qf5+ Ke7 50. Qh7+ Kd6 51.
Qxh6+ Kd7 52. Nxc1 Qxc1 53. Qg7+ Kc6 54. Qg6+ Kb7 55. Qe8 Qd1+ 0-1

[Event "ch-Commonwealth"]
[Site "Mumbai IND"]
[Date "2004.01.12"]
[Round "3"]
[White "Lahiri,A"]
[Black "Neelotpal,D"]
[Result "1/2-1/2"]
[WhiteElo "2325"]
[BlackElo "2461"]
[EventDate "2004.01.10"]

1. d4 Nf6 2. Nf3 d5 3. c4 c6 4. e3 Bg4 5. Qb3 Qc7 6. Ne5 Be6 7. Nc3 dxc4 8.
Bxc4 Bxc4 9. Qxc4 e6 10. e4 Nbd7 11. Nxd7 Qxd7 12. Bg5 Be7 13. e5 Nd5 14.
Bxe7 Nxc3 15. Bc5 Nd5 16. O-O b6 17. Bd6 a5 18. Rfc1 Rc8 19. Qe2 f5 20. a3
Kf7 21. Qh5+ g6 22. Qh6 Nc7 23. a4 Ne8 24. Ba3 Ng7 25. Bd6 Ne8 26. Ba3 Ng7
27. Bd6 1/2-1/2

[Event "ch-Commonwealth"]
[Site "Mumbai IND"]
[Date "2004.01.12"]
[Round "3"]
[White "Thipsay,P"]
[Black "Babu,NS"]
[Result "1/2-1/2"]
[WhiteElo "2486"]
[BlackElo "2339"]
[EventDate "2004.01.10"]

1. e4 e5 2. Nf3 Nc6 3. Bb5 a6 4. Ba4 Nf6 5. O-O Be7 6. Re1 b5 7. Bb3 d6 8.
a4 Bg4 9. c3 Na5 10. Bc2 b4 11. d4 bxc3 12. bxc3 Nd7 13. Nbd2 O-O 14. h3
Bh5 15. d5 Bg5 16. g4 Bxd2 17. Nxd2 Bg6 18. Ba3 Qb8 19. Bb4 Qb6 20. Qf3
Rab8 21. Rab1 Nb7 22. h4 f6 23. Nc4 Qa7 24. a5 Nbc5 25. Ne3 Rfe8 26. h5 Bf7
27. Nf5 h6 28. Qe3 Qa8 29. Kh2 Kh7 30. Rg1 Rb5 31. c4 Rxb4 32. Rxb4 Rb8 33.
Rgb1 Rxb4 34. Rxb4 Qe8 35. Kg2 Kg8 36. f3 Kf8 37. Qa3 Qa8 38. Kf1 Be8 39.
Ke2 Qa7 40. Qe3 Qa8 41. Ba4 Nxa4 42. Rxa4 Qb7 43. Qc3 Qb1 44. Ra1 Qb7 45.
Ra2 Qb1 46. Rb2 Qa1 47. Qd2 Nc5 48. Rb8 Qg1 49. Qe1 Qh2+ 50. Qf2 Qh1 51.
Ne3 Ke7 52. Qf1 Qh2+ 53. Qg2 Qf4 54. Qg3 Qg5 55. Nf5+ Kf8 56. Qg1 Qf4 57.
Ne3 Kf7 58. Qg2 1/2-1/2

[Event "ch-Commonwealth"]
[Site "Mumbai IND"]
[Date "2004.01.12"]
[Round "3"]
[White "Murshed,N"]
[Black "Meenakshi,S"]
[Result "1/2-1/2"]
[WhiteElo "2436"]
[BlackElo "2328"]
[EventDate "2004.01.10"]

1. d4 d5 2. c4 c6 3. Nf3 Nf6 4. Nc3 g6 5. cxd5 cxd5 6. Bf4 Bg7 7. e3 O-O 8.
h3 Qb6 9. a3 Bd7 10. b4 a5 11. b5 a4 12. Rb1 Rc8 13. Na2 Ne4 14. Nd2 Qa5
15. Rb4 Bf5 16. Nb1 Nd7 17. Be2 Nb6 18. O-O Nc4 19. f3 Nf6 20. Nbc3 Nxa3
21. Rxa4 Qd8 22. Rxa8 Rxa8 23. Nb4 Rc8 24. Qb3 Nc4 25. Ra1 1/2-1/2

[Event "ch-Commonwealth"]
[Site "Mumbai IND"]
[Date "2004.01.12"]
[Round "3"]
[White "Nikhilesh,K"]
[Black "Sundararajan,K"]
[Result "1/2-1/2"]
[WhiteElo "2261"]
[BlackElo "2437"]
[EventDate "2004.01.10"]

1. e4 e5 2. Nf3 Nc6 3. Bb5 a6 4. Ba4 Nf6 5. O-O Be7 6. Re1 b5 7. Bb3 d6 8.
c3 O-O 9. h3 Na5 10. Bc2 c5 11. d4 Qc7 12. Nbd2 Rd8 13. d5 c4 14. Nf1 Nb7
15. a4 Bd7 16. axb5 axb5 17. Be3 Nc5 18. N3d2 Be8 19. Ng3 g6 20. Qe2 Nfd7
21. Bh6 Rdb8 22. Nf5 Bf6 23. Ne3 Qd8 24. Ng4 Bg5 25. Nf3 Bxh6 26. Nxh6+ Kg7
27. Qe3 Nf6 28. Ng4 Nxg4 29. hxg4 Qe7 30. g3 Bd7 31. g5 Rh8 32. Kg2 Rxa1
33. Rxa1 h6 34. Rh1 hxg5 35. Rxh8 Kxh8 36. Qxg5 Qxg5 37. Nxg5 Kg7 38. f4 f6
39. Nf3 Bg4 40. Nd2 Be2 41. Nb1 Nd3 42. Bxd3 Bxd3 43. Nd2 f5 44. fxe5 dxe5
45. Kf3 Kf6 46. g4 1/2-1/2

[Event "ch-Commonwealth"]
[Site "Mumbai IND"]
[Date "2004.01.12"]
[Round "3"]
[White "Ramesh,R"]
[Black "Prathamesh,S"]
[Result "0-1"]
[WhiteElo "2506"]
[BlackElo "2343"]
[EventDate "2004.01.10"]

1. e4 c6 2. d4 g6 3. Nc3 Bg7 4. Nf3 d5 5. h3 Nh6 6. Bd3 O-O 7. Qe2 Na6 8.
a3 Nc7 9. O-O dxe4 10. Nxe4 Nf5 11. c3 Nd6 12. Re1 Bf5 13. Nc5 b6 14. Bxf5
Nxf5 15. Nd3 Nd5 16. Nfe5 Qc7 17. Nb4 Nxb4 18. axb4 Qb7 19. Qf3 Bxe5 20.
Rxe5 Qd7 21. g4 Nd6 22. Bh6 Rfe8 23. Rae1 f6 24. Re6 Nf7 25. Bf4 Ne5 26.
R6xe5 fxe5 27. Rxe5 Rf8 28. Qe4 Rae8 29. Bg5 e6 30. h4 Qf7 31. f4 Kg7 32.
h5 h6 33. Bh4 gxh5 34. g5 Qxf4 35. gxh6+ Kh8 36. Qxf4 Rxf4 37. Bg3 Rg8 38.
Kh2 Rfg4 39. Be1 Rg2+ 40. Kh3 Rg1 0-1

[Event "ch-Commonwealth"]
[Site "Mumbai IND"]
[Date "2004.01.12"]
[Round "3"]
[White "Rathnakaran,K"]
[Black "Bakre,T"]
[Result "1/2-1/2"]
[WhiteElo "2309"]
[BlackElo "2446"]
[EventDate "2004.01.10"]

1. e4 c5 2. Nf3 Nc6 3. Bb5 Qb6 4. Bxc6 Qxc6 5. Nc3 b5 6. d3 e6 7. O-O b4 8.
Ne2 Nf6 9. a3 a5 10. Bf4 Ba6 11. h3 Be7 12. Bh2 O-O 13. Ne5 Qb7 14. Ng3 d5
15. Re1 Rad8 16. Qf3 g6 17. axb4 axb4 18. exd5 exd5 19. Qf4 Bb5 20. Re2 Rd6
21. Rae1 Re8 22. Nf5 1/2-1/2

[Event "ch-Commonwealth"]
[Site "Mumbai IND"]
[Date "2004.01.12"]
[Round "3"]
[White "Ravi,L"]
[Black "Mishra,S"]
[Result "0-1"]
[WhiteElo "2462"]
[BlackElo "2227"]
[EventDate "2004.01.10"]

1. Nf3 Nf6 2. d4 e6 3. c4 c5 4. d5 d6 5. Nc3 g6 6. g3 Bg7 7. Bg2 exd5 8.
cxd5 b5 9. Nxb5 Qa5+ 10. Nc3 Ne4 11. Bd2 Nxc3 12. bxc3 Bxc3 13. O-O O-O 14.
Qc1 Bxd2 15. Nxd2 Ba6 16. Ne4 Nd7 17. Re1 Qc7 18. Bh3 f5 19. Ng5 Qa5 20.
Qf4 Ne5 21. Qh4 h5 22. f4 Ng4 23. Bxg4 fxg4 24. Ne6 Qd2 25. e4 Be2 26. Rxe2
Qxe2 27. Nxf8 Qe3+ 28. Kf1 Qd3+ 29. Kf2 Qd4+ 30. Kg2 0-1

[Event "ch-Commonwealth"]
[Site "Mumbai IND"]
[Date "2004.01.12"]
[Round "3"]
[White "Vijayalakshmi,S"]
[Black "Negi,V"]
[Result "1-0"]
[WhiteElo "2444"]
[BlackElo "2188"]
[EventDate "2004.01.10"]

1. b3 e5 2. Bb2 d6 3. g3 Nf6 4. Bg2 g6 5. Nf3 Bg7 6. O-O O-O 7. c4 c6 8.
Nc3 Re8 9. e4 a5 10. Qc2 Na6 11. a3 Bg4 12. h3 Bd7 13. d4 exd4 14. Nxd4 Qb6
15. Rfd1 Nc5 16. Rab1 Rad8 17. Ba1 Ne6 18. Na4 Qc7 19. Nxe6 Bxe6 20. Bd4
Qe7 21. Bb6 Ra8 22. Qd2 Bf8 23. Bxa5 Bxh3 24. Bxh3 Nxe4 25. Qe1 Qg5 26. Bd2
Qh5 27. Qf1 Bg7 28. Bg2 Nxg3 29. Qd3 Ne2+ 30. Kf1 Re6 31. Be3 Rxa4 32. bxa4
Nc3 33. Rdc1 Nxb1 34. Rxb1 Re7 35. Re1 Bf8 36. Bd2 Qh4 37. a5 h5 38. a6
bxa6 39. Bxc6 Qg4 40. Bd5 Re5 41. Qf3 Rxe1+ 42. Bxe1 Qxf3 43. Bxf3 d5 44.
Bxd5 Bxa3 45. Bb7 g5 46. Bxa6 f5 47. f4 g4 48. Bc8 Bd6 49. Bd2 1-0

[Event "ch-Commonwealth"]
[Site "Mumbai IND"]
[Date "2004.01.12"]
[Round "3"]
[White "Venkatesh,M"]
[Black "Venkatesh,H"]
[Result "1-0"]
[WhiteElo "2392"]
[BlackElo "2094"]
[EventDate "2004.01.10"]

1. Nf3 Nf6 2. g3 d5 3. Bg2 e6 4. d3 b6 5. O-O Bb7 6. Nbd2 c5 7. c3 Qc7 8.
a3 a5 9. Re1 Be7 10. e4 dxe4 11. dxe4 a4 12. e5 Nfd7 13. Ne4 h6 14. Nd6+
Bxd6 15. exd6 Qc8 16. Nh4 Bxg2 17. Nxg2 Nf6 18. Bf4 Nbd7 19. Qf3 c4 20. Ne3
O-O 21. Ng4 Nxg4 22. Qxg4 Kh7 23. Be5 Nxe5 24. Rxe5 Qc6 25. Rd1 Rfd8 26.
Qd4 Rd7 27. Re4 b5 28. Qe5 Rad8 29. Red4 Rc8 30. Rg4 g6 31. Rf4 Qc5 32.
Qxc5 Rxc5 33. Rxf7+ Rxf7 34. d7 Rf8 35. d8=Q Rxd8 36. Rxd8 Kg7 37. Kg2 Kf6
38. Kf3 h5 39. Rd4 Rf5+ 40. Ke3 Re5+ 41. Kd2 Rf5 42. f4 e5 43. Rd6+ Kf7 44.
Ke3 exf4+ 45. gxf4 g5 46. fxg5 Rxg5 47. Rb6 Kg7 48. Kf4 Rd5 49. h4 Kf7 50.
Ke4 Rc5 51. Rh6 Kg7 52. Re6 Kf7 53. Re5 Rxe5+ 54. Kxe5 Ke7 55. Kf5 Kd6 56.
Kg5 Ke5 57. Kxh5 Ke4 58. Kg5 Kd3 59. h5 Kc2 60. h6 Kxb2 61. h7 Kxa3 62.
h8=Q Kb2 63. Qb8 Kxc3 64. Qxb5 a3 65. Qb1 1-0

[Event "ch-Commonwealth"]
[Site "Mumbai IND"]
[Date "2004.01.12"]
[Round "3"]
[White "Safin,S"]
[Black "Roy Chowdhury,S"]
[Result "0-1"]
[WhiteElo "2528"]
[BlackElo "2400"]
[EventDate "2004.01.10"]

1. d4 e6 2. c4 b6 3. Nf3 Bb7 4. g3 Bxf3 5. exf3 c5 6. Nc3 cxd4 7. Qxd4 Nc6
8. Qd2 Nf6 9. Be2 Bc5 10. O-O O-O 11. b3 Qe7 12. Bb2 Rfd8 13. Ne4 Nxe4 14.
fxe4 e5 15. Rab1 a5 16. Bd1 Rac8 17. Kg2 Bd4 18. Bc1 Rf8 19. Qe2 Bc5 20.
Bc2 Nd4 21. Qd1 Rc6 22. Bd3 Rd6 23. Qg4 Qe6 24. Be2 Qe8 25. Bf3 Qa8 26. a3
Rg6 27. Qxd7 Nxf3 28. Qd5 Nh4+ 29. Kh1 Qc8 30. Qd1 Qh3 31. Rg1 Bxf2 32. Qf1
Rxg3 33. Qxf2 Rxg1+ 34. Kxg1 Qg4+ 35. Qg3 Qd1+ 0-1

[Event "ch-Commonwealth"]
[Site "Mumbai IND"]
[Date "2004.01.12"]
[Round "3"]
[White "Udeshi,A"]
[Black "Deepan,C"]
[Result "0-1"]
[WhiteElo "1952"]
[BlackElo "2388"]
[EventDate "2004.01.10"]

1. e4 c5 2. Nc3 Nc6 3. g3 g6 4. Bg2 Bg7 5. d3 d6 6. f4 e6 7. Nf3 Nge7 8.
Be3 b6 9. O-O O-O 10. Bf2 Bb7 11. d4 e5 12. fxe5 cxd4 13. Nxd4 Nxd4 14.
Bxd4 Nc6 15. Be3 Nxe5 16. Nd5 Rc8 17. Bd4 Bxd5 18. exd5 f5 19. c3 Nc4 20.
b3 Bxd4+ 21. Qxd4 Ne5 22. c4 Qc7 23. Rac1 Qc5 24. Qxc5 bxc5 25. Rc3 Rb8 26.
Bh3 Rb7 27. Rc2 a5 28. Rf4 Rb4 29. Kf1 h5 30. Ke2 a4 31. Rc3 axb3 32. axb3
Rfb8 33. Bf1 Rxb3 34. Rxb3 Rxb3 35. Kf2 Rb2+ 36. Kg1 Kg7 37. h4 Kf6 38. Rf2
Rxf2 39. Kxf2 g5 40. hxg5+ Kxg5 41. Be2 f4 42. gxf4+ Kxf4 43. Bxh5 Nxc4 44.
Ke2 Ke4 45. Bf3+ Kd4 46. Bh1 Kc3 47. Kf3 Kd2 48. Kf4 Ne3 49. Kg5 c4 50. Kf6
c3 51. Be4 c2 52. Bxc2 Kxc2 53. Ke6 Nc4 0-1

[Event "ch-Commonwealth"]
[Site "Mumbai IND"]
[Date "2004.01.12"]
[Round "3"]
[White "Shetty,R"]
[Black "Siti,Z"]
[Result "1-0"]
[WhiteElo "2382"]
[BlackElo "2162"]
[EventDate "2004.01.10"]

1. e4 e5 2. Bc4 Nf6 3. d3 d6 4. Nc3 Be7 5. f4 Nc6 6. Nf3 Bg4 7. h3 Bxf3 8.
Qxf3 Nd4 9. Qf2 c6 10. a4 Qa5 11. O-O b5 12. Ba2 b4 13. Nd1 O-O 14. Ne3 Qc7
15. c3 bxc3 16. bxc3 exf4 17. cxd4 fxe3 18. Bxe3 d5 19. Rac1 Qd7 20. e5 Ne8
21. Qf5 Qb7 22. Rc2 g6 23. Qf3 Ng7 24. Kh2 Ne6 25. Rfc1 Rac8 26. Rxc6 Rxc6
27. Bxd5 Qb2 28. Bxc6 Nxd4 29. Qe4 Rd8 30. Bd5 Nf5 31. Bf4 Qf2 32. Qf3 Qd4
33. Bc4 Kg7 34. Rf1 Bc5 35. g4 Nh4 36. Qe2 Rb8 37. Bg5 Nf5 38. Bc1 Nh6 39.
Kh1 Rb7 40. Qf3 Rb6 41. a5 Re6 42. Bxe6 fxe6 43. Qf6+ 1-0

[Event "ch-Commonwealth"]
[Site "Mumbai IND"]
[Date "2004.01.12"]
[Round "3"]
[White "Konguvel,P"]
[Black "Priya,P"]
[Result "1-0"]
[WhiteElo "2366"]
[BlackElo "2113"]
[EventDate "2004.01.10"]

1. e4 e5 2. Nf3 Nf6 3. Nxe5 d6 4. Nf3 Nxe4 5. d4 d5 6. Bd3 Bd6 7. O-O O-O
8. c4 c6 9. Qc2 Na6 10. a3 f5 11. Nc3 Nc7 12. b4 a5 13. b5 Ne6 14. cxd5
cxd5 15. Nxd5 Bxh2+ 16. Kxh2 Qxd5 17. Bf4 Qd8 18. Be5 N4g5 19. Nxg5 Qxg5
20. f4 Qh5+ 21. Kg1 Bd7 22. Rac1 b6 23. Qb3 Qf7 24. Bc4 Kh8 25. Rc3 Rac8
26. Re1 Rce8 27. Rg3 Rg8 28. Kf2 Qe7 29. Rh1 a4 30. Qf3 Nf8 31. Bxg8 Kxg8
1-0

[Event "ch-Commonwealth"]
[Site "Mumbai IND"]
[Date "2004.01.12"]
[Round "3"]
[White "Poobesh Anand,S"]
[Black "Vaidya,C"]
[Result "1-0"]
[WhiteElo "2360"]
[BlackElo "2107"]
[EventDate "2004.01.10"]

1. d4 Nf6 2. c4 e6 3. Nc3 d5 4. Nf3 c6 5. Bg5 Nbd7 6. e3 Qa5 7. Nd2 Bb4 8.
Qc2 O-O 9. Be2 e5 10. Bxf6 Nxf6 11. O-O exd4 12. Nb3 Qc7 13. Nxd4 dxc4 14.
Bxc4 Ng4 15. g3 Qe5 16. Rae1 Qh5 17. f3 Nf6 18. Rf2 Qc5 19. Na4 Qe7 20. Nc3
Qc5 21. Bf1 Qe7 22. Bd3 g6 23. Rfe2 c5 24. Nb3 Be6 25. Nd2 Rae8 26. Bc4
Bxc4 27. Nxc4 b5 28. Nd2 a6 29. Rc1 c4 30. Nde4 Nxe4 31. Qxe4 Qxe4 32. Nxe4
Rd8 33. g4 h6 34. Kf2 Kg7 35. Rec2 Rh8 36. h4 f6 37. b3 Ba3 38. Rb1 f5 39.
gxf5 gxf5 40. Ng3 Kg6 41. bxc4 Rc8 1-0

[Event "ch-Commonwealth"]
[Site "Mumbai IND"]
[Date "2004.01.12"]
[Round "3"]
[White "Sandeep,Y"]
[Black "Singh,G"]
[Result "1/2-1/2"]
[WhiteElo "2115"]
[BlackElo "2360"]
[EventDate "2004.01.10"]

1. d4 c5 2. Nf3 cxd4 3. Nxd4 Nc6 4. g3 g6 5. Bg2 Bg7 6. Nxc6 bxc6 7. O-O
Qb6 8. Nc3 Nf6 9. e4 O-O 10. e5 Ne8 11. Re1 Nc7 12. Rb1 Ne6 13. Be3 Qc7 14.
f4 f6 15. exf6 Bxf6 16. Ne4 Bg7 17. Qd2 Rb8 18. b3 d6 19. Bf2 Kh8 20. Rbd1
Rf7 21. h4 1/2-1/2

[Event "ch-Commonwealth"]
[Site "Mumbai IND"]
[Date "2004.01.12"]
[Round "3"]
[White "Avari,V"]
[Black "Palit,S"]
[Result "0-1"]
[WhiteElo "2112"]
[BlackElo "2348"]
[EventDate "2004.01.10"]

1. e4 c5 2. Nf3 Nf6 3. Nc3 Nc6 4. d4 d5 5. exd5 Nxd5 6. Nxd5 Qxd5 7. Be3
cxd4 8. Nxd4 a6 9. c3 e5 10. Qb3 Qxb3 11. Nxb3 Be6 12. Bb6 f6 13. Be2 Kf7
14. O-O Rc8 15. Rfd1 Be7 16. Bf3 f5 17. Bd5 Bxd5 18. Rxd5 Ke6 19. Rad1 Nd4
20. Rxe5+ Kxe5 21. Bxd4+ Ke6 22. Bxg7 Rhd8 23. Nd4+ Kf7 24. Be5 Bf6 25. f4
Rd5 26. Re1 Re8 27. Nf3 Bxe5 28. fxe5 h6 29. Kf2 Rg8 30. h3 b5 31. Re2 Rc8
32. a3 a5 33. Nd4 Kg6 34. Ne6 Rd1 35. Nf4+ Kf7 36. e6+ Ke7 37. Re5 Rd2+ 38.
Ke3 Rxb2 39. Kd3 Kf6 40. Rd5 Rb3 41. Ne2 Kxe6 42. Rxb5 Rxb5 43. Nd4+ Ke5
44. Nxb5 Kf4 45. Nd4 Ke5 46. Nf3+ Kd5 47. Nd4 f4 48. a4 Re8 49. Nf5 Re5 50.
Nxh6 Re3+ 51. Kd2 Rg3 52. Nf5 Rxg2+ 53. Kd3 Rg5 54. Ne7+ Kd6 55. Nc8+ Ke5
56. Ne7 Rg3+ 57. Kd2 Ke4 58. Nc6 Rxh3 59. Nxa5 Rh2+ 60. Ke1 Ra2 61. Nb3 Ke3
62. a5 Ra3 0-1

[Event "ch-Commonwealth"]
[Site "Mumbai IND"]
[Date "2004.01.12"]
[Round "3"]
[White "Deshmukh,A"]
[Black "Yash,A"]
[Result "1-0"]
[WhiteElo "2340"]
[BlackElo "2091"]
[EventDate "2004.01.10"]

1. c4 c5 2. Nf3 Nf6 3. g3 g6 4. Bg2 Bg7 5. O-O O-O 6. Nc3 Nc6 7. d4 cxd4 8.
Nxd4 Qb6 9. Nc2 d6 10. b3 Be6 11. Bb2 Bxc4 12. Na4 Qa6 13. Re1 Be6 14. e4
Rfd8 15. Rc1 Rac8 16. h3 Qa5 17. Bc3 Qc7 18. Ne3 Qd7 19. Kh2 b5 20. Nb2 b4
21. Bxf6 Bxf6 22. Nd3 Bc3 23. Rf1 a5 24. f4 f6 25. h4 Qa7 26. Nd5 Bxd5 27.
exd5 Nd4 28. f5 Nxf5 29. Rxf5 gxf5 30. Bh3 Kh8 31. Bxf5 Rc7 32. Qh5 e6 33.
dxe6 Rg7 34. Qf3 Rdg8 35. g4 Qd4 36. Kh3 Qa7 1-0

[Event "ch-Commonwealth"]
[Site "Mumbai IND"]
[Date "2004.01.12"]
[Round "3"]
[White "Vinuthna,N"]
[Black "Srinivasa Rao,M"]
[Result "1-0"]
[WhiteElo "2094"]
[BlackElo "2335"]
[EventDate "2004.01.10"]

1. e4 c5 2. Nf3 d6 3. d4 cxd4 4. Nxd4 Nf6 5. Nc3 a6 6. Be2 e5 7. Nb3 Be7 8.
O-O O-O 9. Kh1 b6 10. Be3 Bb7 11. f3 b5 12. a4 b4 13. Nd5 Nxd5 14. exd5 a5
15. c3 bxc3 16. bxc3 Bg5 17. Bf2 Qc7 18. c4 Nd7 19. Nd2 f5 20. Nb1 Nc5 21.
Nc3 e4 22. Nb5 Qe7 23. f4 Bf6 24. Rb1 Rab8 25. Nd4 Qd7 26. Rb5 Ba6 27. Rxa5
Rfc8 28. Ne6 Nxe6 29. dxe6 Qxe6 30. Rxf5 Bxc4 31. Bxc4 Qxc4 32. Rd5 Rc6 33.
Re1 Ra6 34. a5 h6 35. Bb6 Rbxb6 36. axb6 Ra1 1-0

[Event "ch-Commonwealth"]
[Site "Mumbai IND"]
[Date "2004.01.12"]
[Round "3"]
[White "Saptarshi,R"]
[Black "Ravi,A"]
[Result "1-0"]
[WhiteElo "2329"]
[BlackElo "2053"]
[EventDate "2004.01.10"]

1. e4 c5 2. Nf3 d6 3. d4 cxd4 4. Nxd4 Nf6 5. f3 e5 6. Nb3 d5 7. Bg5 Be6 8.
exd5 Qxd5 9. N1d2 Nbd7 10. Bc4 Qd6 11. Qe2 Bxc4 12. Nxc4 Qa6 13. O-O-O Rc8
14. Nd6+ Qxd6 15. Rxd6 Bxd6 16. Rd1 Be7 17. Qb5 Rc7 18. Bxf6 gxf6 19. Qa4
Rg8 20. g3 a6 21. f4 Rg6 22. Na5 Bc5 23. Qe4 b6 24. Qa8+ Ke7 25. Nc6+ Ke6
26. Nd8+ Kf5 27. Rxd7 Rxd7 28. Qc8 exf4 29. Qxd7+ Ke4 30. Qd3+ Ke5 31.
Nxf7+ Ke6 32. Nd8+ Ke5 33. Nc6+ Ke6 34. b4 Bd6 35. Nd4+ Kf7 36. Nf5 Bxb4
37. Qc4+ 1-0

[Event "ch-Commonwealth"]
[Site "Mumbai IND"]
[Date "2004.01.12"]
[Round "3"]
[White "Feldman,V"]
[Black "Rajadharshini,M"]
[Result "1-0"]
[WhiteElo "2322"]
[BlackElo "2037"]
[EventDate "2004.01.10"]

1. d4 Nf6 2. c4 e6 3. Nc3 Bb4 4. e3 b6 5. Nge2 Bb7 6. a3 Bxc3+ 7. Nxc3 O-O
8. Qc2 d6 9. e4 Nbd7 10. Be2 c5 11. d5 e5 12. Bg5 a6 13. O-O h6 14. Bh4 Kh8
15. a4 Rg8 16. Nd1 Nf8 17. Ne3 Ng6 18. Bg3 Re8 19. Rfe1 Bc8 20. Ra3 Nf4 21.
Bf1 Ng4 22. Nxg4 Bxg4 23. f3 Bd7 24. Bf2 Qg5 25. Kh1 Qe7 26. g3 Ng6 27. Be3
Nf8 28. Qd2 Nh7 29. Qc2 Nf8 30. Bg2 Nh7 31. Bf2 Rf8 32. f4 f6 33. f5 Rfb8
34. Rea1 Be8 35. Bf3 Ng5 36. Be2 Nh7 37. h4 a5 38. Rg1 Bd7 39. g4 Kg8 40.
Rag3 Kf7 41. Be3 Rh8 42. Kg2 Rag8 43. Kf1 Ke8 44. Qb3 Qd8 45. Ke1 Bc8 46.
g5 hxg5 47. hxg5 Nxg5 48. Bxg5 fxg5 49. Rxg5 Kf8 50. Qg3 Qf6 51. Rg6 Qh4
52. Rxd6 1-0

[Event "ch-Commonwealth"]
[Site "Mumbai IND"]
[Date "2004.01.12"]
[Round "3"]
[White "Syed,N"]
[Black "Tilak,S"]
[Result "0-1"]
[WhiteElo "2083"]
[BlackElo "2310"]
[EventDate "2004.01.10"]

1. e4 c5 2. Nf3 d6 3. d4 cxd4 4. Nxd4 Nf6 5. Nc3 Nc6 6. Be2 e6 7. O-O Be7
8. Kh1 O-O 9. Be3 a6 10. f4 Qc7 11. Qe1 Nxd4 12. Bxd4 b5 13. a3 Nd7 14. f5
Bf6 15. Rd1 Bxd4 16. Rxd4 Nf6 17. Qd2 Bb7 18. Bf3 Rad8 19. Rd1 exf5 20. e5
Ne4 21. Bxe4 Bxe4 22. exd6 Qc6 23. d7 f6 24. Rd6 Qb7 25. Nd5 Bxd5 26. Rxd5
Rf7 27. Qe3 Kf8 28. Qd3 g6 29. h3 Re7 30. Qd2 Kf7 31. b3 Re4 32. Qd3 Qa7
33. Rd6 Qf2 34. Qd5+ Ke7 35. Rxa6 Re1+ 36. Rxe1+ Qxe1+ 37. Kh2 Qe5+ 38.
Qxe5+ fxe5 39. Rb6 Rxd7 40. Rxb5 e4 41. Kg3 Rd2 42. Rc5 Kd6 43. Rc3 g5 44.
Kh2 f4 45. Kg1 Rd1+ 46. Kf2 e3+ 47. Ke2 Rg1 48. Rd3+ Ke5 49. c3 Rxg2+ 0-1

[Event "ch-Commonwealth"]
[Site "Mumbai IND"]
[Date "2004.01.12"]
[Round "3"]
[White "Ramakrishna,J"]
[Black "Rajasurya,J"]
[Result "1-0"]
[WhiteElo "2308"]
[BlackElo "2028"]
[EventDate "2004.01.10"]

1. e4 c5 2. Nc3 d6 3. f4 Nc6 4. Nf3 g6 5. Bb5 Bg7 6. Bxc6+ bxc6 7. O-O Bg4
8. d3 Nf6 9. Kh1 Nd7 10. Qe1 O-O 11. Ng1 Nb6 12. f5 gxf5 13. Qg3 e6 14. h3
Bh5 15. exf5 exf5 16. Rxf5 Bg6 17. Rf1 d5 18. Nf3 c4 19. Ne5 cxd3 20. cxd3
c5 21. Bf4 Rc8 22. Nb5 a6 23. Na7 Bxe5 24. Bxe5 Ra8 25. Bf6 Qd7 26. Qg5 1-0

[Event "ch-Commonwealth"]
[Site "Mumbai IND"]
[Date "2004.01.12"]
[Round "3"]
[White "Saba,A"]
[Black "Singh,Ri"]
[Result "0-1"]
[WhiteElo "2056"]
[BlackElo "2285"]
[EventDate "2004.01.10"]

1. e4 c5 2. Nf3 a6 3. c3 d5 4. exd5 Qxd5 5. d4 Nc6 6. dxc5 Qxc5 7. Be3 Qa5
8. Nbd2 Bf5 9. Nc4 Qc7 10. Bb6 Qd7 11. Qxd7+ Bxd7 12. O-O-O g6 13. Nce5
Bh6+ 14. Kb1 Nf6 15. Bc4 Bf5+ 16. Ka1 Nxe5 17. Nxe5 O-O 18. g3 Rac8 19. Bb3
Bg7 20. Rhe1 Ne4 21. f4 h5 22. Bd5 Nd6 23. Bb3 Bf6 24. h3 Bxe5 25. Rxe5 Rc6
26. Bg1 Re8 27. h4 e6 28. Re3 Rd8 29. Ree1 Rdc8 30. a3 b5 31. Bd4 a5 32.
Re3 Bg4 33. Rde1 Nf5 34. Rd3 Rd6 35. Ka2 Rcd8 36. Bd1 Nxd4 37. Bxg4 hxg4
38. cxd4 Rxd4 39. Rxd4 Rxd4 40. Re3 Kf8 41. Kb3 Ke7 42. Kc3 Rc4+ 43. Kd3
Kd6 44. Re4 Rxe4 45. Kxe4 f6 46. b3 Kc5 47. Kd3 a4 48. b4+ Kd5 0-1

[Event "ch-Commonwealth"]
[Site "Mumbai IND"]
[Date "2004.01.12"]
[Round "3"]
[White "Berezina,I"]
[Black "Prasanna,Ra"]
[Result "1-0"]
[WhiteElo "2281"]
[BlackElo "2025"]
[EventDate "2004.01.10"]

1. d4 d5 2. Nf3 Nc6 3. e3 Bg4 4. Be2 Nf6 5. Nbd2 e6 6. O-O Bd6 7. c4 O-O 8.
b3 a6 9. Bb2 Nb8 10. c5 Be7 11. b4 c6 12. a4 Nbd7 13. b5 Bh5 14. h3 Bg6 15.
Nh4 Qc7 16. Nxg6 hxg6 17. f4 Nh7 18. Bd3 Ndf6 19. Bc3 Rfc8 20. bxa6 bxa6
21. Qe2 Qa7 22. Rab1 Ne8 23. Nb3 Nc7 24. Na5 Nb5 25. axb5 axb5 26. Ra1 Qc7
27. Nb3 Rab8 28. Bb4 f5 29. Ra6 Qd8 30. Na5 Ra8 31. Rxa8 Rxa8 32. Nxc6 Qe8
33. Nxe7+ Qxe7 34. Bxb5 Rb8 35. Rb1 Nf6 36. Bd3 Qd7 37. Qa2 Ne4 38. Bxe4
fxe4 39. Be1 Rf8 40. Bh4 Qc6 41. Rb6 Qd7 42. Bg5 1-0

[Event "ch-Commonwealth"]
[Site "Mumbai IND"]
[Date "2004.01.12"]
[Round "3"]
[White "Gopal,G"]
[Black "Pon,N"]
[Result "1-0"]
[WhiteElo "2233"]
[BlackElo "1997"]
[EventDate "2004.01.10"]

1. e4 e5 2. Nf3 d6 3. d4 exd4 4. Qxd4 Nc6 5. Bb5 Bd7 6. Bxc6 Bxc6 7. Nc3
Nf6 8. Bg5 Be7 9. O-O-O O-O 10. Rhe1 h6 11. Bh4 Re8 12. Qc4 Nxe4 13. Rxe4
Bxe4 14. Qxe4 Bxh4 15. Qxh4 Qxh4 16. Nxh4 g6 17. Nf3 Kg7 18. Rd4 Rac8 19.
Kd2 f5 20. h4 Re6 21. Rb4 b6 22. Rf4 Rf6 23. Ra4 a5 24. Nd5 Rf7 25. Rc4 b5
26. Rc6 Kf8 27. Nd4 b4 28. Nxc7 Kg8 29. Nd5 Rxc6 30. Nxc6 Rb7 31. Kd3 Rb5
32. Ne3 Rc5 33. Nd4 Kf7 34. Nb3 Re5 35. f4 Re4 36. g3 a4 37. Nd4 Re7 38. h5
Rb7 39. hxg6+ Kxg6 40. Nexf5 Rb6 41. Ne3 Rb7 42. Nd5 Kh5 43. Nf6+ Kg6 44.
Ne4 d5 45. Nf2 Rc7 46. Nd1 Kh5 47. Ne3 a3 48. b3 Rc5 49. g4+ Kg6 50. Ne2 h5
51. f5+ Kg5 52. gxh5 Kxh5 53. Nf4+ Kh6 54. Nfxd5 Rb5 55. Kc4 Rb8 56. Nxb4
Rg8 57. Nbd5 Kg7 1-0

[Event "ch-Commonwealth"]
[Site "Mumbai IND"]
[Date "2004.01.12"]
[Round "3"]
[White "Mudongo,B"]
[Black "Thipsay,B"]
[Result "0-1"]
[WhiteElo "2010"]
[BlackElo "2231"]
[EventDate "2004.01.10"]

1. e4 c6 2. d4 d5 3. e5 Bf5 4. Nc3 h5 5. h3 e6 6. Bd3 Bxd3 7. Qxd3 a6 8. h4
c5 9. Be3 Nc6 10. Nf3 cxd4 11. Bxd4 Nh6 12. Ne2 Qc7 13. Bc3 Ng4 14. a3 Bc5
15. O-O Qb6 16. Ned4 Ncxe5 17. Nxe5 Nxe5 18. Qd1 Ng4 19. Qd2 Qd6 20. g3
O-O-O 21. b4 Bxd4 22. Bxd4 e5 23. Bb2 f6 24. a4 a5 25. f3 Qb6+ 26. Kh1 Ne3
27. Rfe1 d4 28. Bc1 Qc6 0-1

[Event "ch-Commonwealth"]
[Site "Mumbai IND"]
[Date "2004.01.12"]
[Round "3"]
[White "Pratibha,Y"]
[Black "Nishanth,S"]
[Result "1-0"]
[WhiteElo "2229"]
[BlackElo "1993"]
[EventDate "2004.01.10"]

1. e4 c5 2. Nf3 d6 3. d4 cxd4 4. Nxd4 Nf6 5. Nc3 g6 6. Be3 Bg7 7. f3 Nc6 8.
Qd2 O-O 9. g4 a6 10. O-O-O Nxd4 11. Bxd4 Be6 12. Kb1 b5 13. h4 Qc7 14. h5
Rfc8 15. hxg6 hxg6 16. Bh3 b4 17. Nd5 Bxd5 18. exd5 Rcb8 19. g5 Nd7 20.
Bxd7 Qxd7 21. Bxg7 Kxg7 22. Rh7+ Kf8 23. Rdh1 e5 24. dxe6 Qxe6 25. Re1 Re8
26. Rxe6 Rxe6 27. Rh8+ Ke7 28. Rxa8 1-0